000
00223nam a2200097Ia 4500
005
20251222175819.0
008
251222s9999||||xx |||||||||||||| ||spa||
082
_a
DVD0070/D75/2008
245
0
_a
La ola:Die Welle
942
_c
DVD
999
_c
40433
_d
40433